Name the Taylor Swift Song by Lyric - Statistics

General Stats
  • This quiz has been taken 16 times
  • The average score is 6 of 9
Answer Stats
Hint Answer % Correct
Im the only one of me Me
93%
You gave me roses and I left them there to die Back to December
86%
Grab a pen and an old napkin Our song
86%
Now you hang from my lips like the gardens of Babylon Cowboy like me
64%
But your just so cool running your hands through your hair Fearless
64%
Do you wish you could still touch her Question
64%
Down the block there's an antique shop Timeless
64%
So I got wasted like all my potential This is me trying
57%
Or that I'd like to be on a mega yacht Now that we don't talk
50%
No matching quizzes found
Score Distribution
Percent of People with Each Score
Percentile by Number Answered
Your Score History
You have not taken this quiz